=LDR 00000nam 2200000 4500 =001 INLIS000000000008780 =005 20130612100616 =008 ***********************************Ind** =035 ##$$0010-061300000008780 =041 ##$$a Ind =082 ##$$a 371.04 =090 ##$$a 371.04, JLL b =100 ##$$a llich,Ivan =245 ##$$a Bebaskan Masarakat Dari Belenggu Sekolah, Ivan ILLicah,Penerjemah A. Sonny Kerat =260 ##$$a 2000 $b Jakarta =300 ##$$a xi,165 hlm., 21 cm =650 ##$$a Sekolahx Masarakat Bebas dan Belajar